[Event "Slovakian-ch Youth 2022"]
[Site "Lubovna"]
[Date "2022.05.26"]
[Round "7.9"]
[White "Petrek, Dominik"]
[Black "Kuna, Patrik"]
[Result "0-1"]
[WhiteElo "2110"]
[BlackElo "1811"]
[Annotator "TA"]
[PlyCount "68"]
[EventDate "2022.05.22"]
[EventCountry "SVK"]
[SourceTitle "playchess.com"]
[Source "ChessBase"]
[SourceQuality "1"]
[TimeControl "40/5400+30:1800+30"]

{[%evp 10,68,6,-1,5,-24,0,-31,0,0,8,-8,0,-27,-37,-52,-45,-62,-31,-37,-33,-44,-41,-44,-29,-31,-43,-61,-32,-118,-72,-104,-104,-186,-129,-116,-127,-128,-131,-178,-114,-332,-233,-458,-451,-422,-448,-418,-368,-361,-356,-568,-436,-578,-584,-525,-509,-792,-320,-964,-800]} 1. d4 {[%emt 0:00:42]} d5 {[%emt 0:00:10]} 2. Nf3 {[%emt 0:00:27]} Nf6 {[%emt 0:00:11]} 3. c4 {[%emt 0:00:07]} e6 {[%emt 0:00:13]} 4. e3 {[%emt 0:00:26]} Be7 {[%emt 0:00:24]} 5. Nbd2 {[%emt 0:00:24]} O-O {[%emt 0:00:26]} 6. Bd3 {[%emt 0:00:48]} b6 {[%emt 0:06:54] D30: Queen's Gambit Declined: Systems without Nc3.} 7. Qc2 {[%emt 0:01:54]} Bb7 {[%emt 0:01:16]} 8. O-O {[%emt 0:00:51]} Nbd7 {[%emt 0:00:09] Black is slightly better.} 9. b3 {[%emt 0:04:34]} c5 {[%emt 0:04:22]} 10. Bb2 {[%emt 0:03:59][%cal Bc1b2,Bb2d4,Bd4e5][%mdl 32]} h6 {[%emt 0:01:13]} 11. e4 {[%emt 0:01:58]} dxc4 {[%emt 0:07:44] [#]} 12. Bxc4 $146 {[%emt 0:13:03]} ({Predecessor:} 12. bxc4 cxd4 13. e5 Ne8 14. Bxd4 Nc5 15. Bxc5 Bxc5 16. Be4 Qc7 17. Bxb7 Qxb7 18. Ne4 {½-½ (27) Campbell,B (2240)-Chu,C Toronto 1995}) 12... cxd4 {[%emt 0:01:29]} 13. Bxd4 {[%emt 0:01:17]} Nc5 {[%emt 0:03:51][%cal Rc5e4]} (13... Rc8 $5 {[%cal Rb6b5]} 14. e5 Nh5 $15) 14. Rfe1 {[%emt 0:20:57]} Rc8 {[%emt 0:05:12][%cal Ob6b5]} 15. Rad1 {[%emt 0:08:22]} Qc7 {[%emt 0:04:49]} 16. Be5 {[%emt 0:02:58]} Qd7 {[%emt 0:08:13]} 17. Qb1 {[%emt 0:12:17]} Rfd8 {[%emt 0:06:53]} 18. a4 {[%emt 0:04:07]} a6 {[%emt 0:04:18] Prevents Bb5.} 19. Nf1 {[%emt 0:03:44]} ({Better is} 19. Bf1 $15) 19... Qe8 {[%emt 0:00:05]} (19... Qc6 $142 20. Nd4 Qe8 21. Bxf6 Bxf6) 20. Bxf6 {[%emt 0:01:28] [#] Hoping for Rxd8.} Bxf6 {[%emt 0:00:11]} 21. Ng3 {[%emt 0:00:37]} (21. Rxd8 $17 {is a better defense.} Rxd8 22. Qc2) 21... b5 {[%emt 0:04:38]} (21... Rxd1 $19 22. Qxd1 b5 23. axb5 axb5) 22. axb5 $17 {[%emt 0:00:08]} axb5 {[%emt 0:01:01]} 23. Bf1 {[%emt 0:00:10]} Bc3 {[%emt 0:01:41] A strong pair of Bishops.} 24. Re3 {[%emt 0:02:18]} (24. Rxd8 $17 Qxd8 25. Rd1) 24... b4 {[%emt 0:02:09]} ({Black should try} 24... Rxd1 $19 25. Qxd1 b4) 25. Bc4 $2 {[%emt 0:00:33] Loses the game.} (25. Rxd8 $17 Qxd8 26. Ne2) 25... Ra8 {[%emt 0:05:29] [#] And now ...Rxd1+ would win.} 26. Rxd8 {[%emt 0:02:05]} (26. Rf1) 26... Qxd8 $19 {[%emt 0:00:20]} (26... Rxd8 $2 {is the wrong capture.} 27. Qc2 $19) 27. Qc2 {[%emt 0:00:14]} Ra1+ {[%emt 0:01:40]} 28. Nf1 {[%emt 0:00:15]} Qd1 {[%emt 0:01:37]} 29. Qxd1 {[%emt 0:01:22]} Rxd1 {[%emt 0:00:06]} 30. e5 {[%emt 0:01:38]} (30. Re2 {was necessary.}) 30... Rb1 {[%emt 0:01:23]} 31. Re2 {[%emt 0:00:56]} Nxb3 {[%emt 0:01:59] Strongly threatening ...Bxf3.} 32. Ra2 {[%emt 0:00:09]} Bd5 {[%emt 0:11:51]} 33. Bd3 {[%emt 0:03:03]} (33. Bxd5 $142 exd5 34. g4) 33... Ra1 {[%emt 0:01:41]} (33... Rd1 $142 34. Be2 Rc1) 34. Rc2 {[%emt 0:00:42]} (34. Rxa1 Bxa1 35. Ne3) 34... Nc5 {[%emt 0:00:33] Weighted Error Value: White=0.74/Black=0.40} 0-1

[Event "Slovakian-ch Youth 2022"]
[Site "Lubovna"]
[Date "2022.05.26"]
[Round "7.9"]
[White "Visvader, Kristof"]
[Black "Cerven, Samuel"]
[Result "1-0"]
[WhiteElo "1607"]
[BlackElo "1353"]
[Annotator "NA RC COMBH"]
[PlyCount "105"]
[EventDate "2022.05.22"]
[EventCountry "SVK"]
[SourceTitle "playchess.com"]
[Source "ChessBase"]
[SourceQuality "1"]

1. e4 d5 2. exd5 Qxd5 3. Nc3 Qd8 4. Nf3 Nf6 5. Bc4 Bf5 6. O-O e6 7. d4 Be7 8. d5 exd5 9. Nxd5 O-O 10. Nxe7+ Qxe7 11. c3 Nc6 12. Re1 Qc5 13. Bb3 Rad8 14. Be3 Qa5 15. Qc1 Rfe8 16. Nd4 Nxd4 17. Bxd4 Rxe1+ 18. Qxe1 Re8 19. Qd2 Qa6 20. Re1 Rd8 21. Qg5 Bg6 22. Bxf6 Qxf6 23. Qxf6 gxf6 24. Rd1 Re8 25. Kf1 Be4 26. f3 Bc6 27. Kf2 Kg7 28. Rd4 f5 29. Bd5 Bxd5 30. Rxd5 Kf6 31. Rd7 Re7 32. Rxe7 Kxe7 33. Ke3 Ke6 34. Kf4 h6 35. h4 c5 36. c4 b6 37. g4 fxg4 38. fxg4 Kf6 39. h5 Ke7 40. Kf5 a6 41. a4 a5 42. b3 Ke8 43. g5 hxg5 44. Kxg5 Kf8 45. Kf6 Kg8 46. h6 Kh7 47. Kxf7 Kxh6 48. Ke6 Kg6 49. Kd6 Kf6 50. Kc6 Ke6 51. Kxb6 Kd6 52. Kb5 Kd7 53. Kxc5 1-0

[Event "Slovakian-ch Youth 2022"]
[Site "Lubovna"]
[Date "2022.05.26"]
[Round "7.10"]
[White "Beres, Tomas"]
[Black "Babjak, Samuel"]
[Result "1-0"]
[WhiteElo "2059"]
[BlackElo "1577"]
[Annotator "TA"]
[PlyCount "55"]
[EventDate "2022.05.22"]
[EventCountry "SVK"]
[SourceTitle "playchess.com"]
[Source "ChessBase"]
[SourceQuality "1"]

1. e4 e6 2. d4 d5 3. Nd2 c5 4. exd5 Qxd5 5. dxc5 Bxc5 6. Ngf3 Nf6 7. Bc4 Qd6 8. O-O Nc6 9. Qe2 O-O 10. a3 a6 11. Nb3 Ba7 12. Bg5 Qe7 13. Rfe1 b5 14. Bd3 Bb7 15. Nbd2 Nd4 16. Nxd4 Bxd4 17. c3 Bb6 18. Be4 Bxe4 19. Nxe4 Kh8 20. Qf3 Bd8 21. Nxf6 gxf6 22. Qxa8 fxg5 23. Qxa6 Qc5 24. Qb7 Bb6 25. Qf3 Kg7 26. Rad1 Rc8 27. Rd7 Rc7 28. Qxf7+ 1-0

[Event "Slovakian-ch Youth 2022"]
[Site "Lubovna"]
[Date "2022.05.26"]
[Round "7.10"]
[White "Pongo, Aron"]
[Black "Vida, Gergo"]
[Result "1-0"]
[WhiteElo "1566"]
[BlackElo "1821"]
[Annotator "NA RC COMBH"]
[PlyCount "93"]
[EventDate "2022.05.22"]
[EventCountry "SVK"]
[SourceTitle "playchess.com"]
[Source "ChessBase"]
[SourceQuality "1"]

1. d4 Nf6 2. c4 g6 3. Nc3 Bg7 4. e4 d6 5. f3 O-O 6. Be3 Nbd7 7. Nge2 e5 8. d5 Nb8 9. Nc1 Ne8 10. Qd2 f5 11. exf5 Bxf5 12. Bd3 Bxd3 13. Qxd3 Nf6 14. O-O Nh5 15. N1e2 Nd7 16. b4 a6 17. Rab1 Nf4 18. Bxf4 exf4 19. Ne4 a5 20. bxa5 Rxa5 21. Qb3 b6 22. Rfd1 Nc5 23. Nxc5 Rxc5 24. Nd4 Bxd4+ 25. Rxd4 Ra5 26. Re4 Qa8 27. Rb2 Qa7 28. Rbe2 Ra4 29. Qb2 Qa8 30. Re7 Rf7 31. Re8+ Qxe8 32. Rxe8+ Rf8 33. Rxf8+ Kxf8 34. Qh8+ Ke7 35. Qxh7+ Kf6 36. Qh4+ g5 37. Qh6+ Kf7 38. Qh7+ Kf6 39. Qxc7 Rxa2 40. Qxd6+ Kg7 41. Qe5+ Kf7 42. d6 Rd2 43. Qe7+ Kg6 44. d7 Rd1+ 45. Kf2 Rd2+ 46. Kf1 Rd1+ 47. Ke2 1-0

[Event "Slovakian-ch Youth 2022"]
[Site "Lubovna"]
[Date "2022.05.26"]
[Round "7.11"]
[White "Kostelansky, Karol"]
[Black "Valko, Michal"]
[Result "1/2-1/2"]
[WhiteElo "1821"]
[BlackElo "1906"]
[Annotator "TA"]
[PlyCount "95"]
[EventDate "2022.05.22"]
[EventCountry "SVK"]
[SourceTitle "playchess.com"]
[Source "ChessBase"]
[SourceQuality "1"]

1. e4 c5 2. Nf3 Nc6 3. Bb5 d6 4. O-O Bd7 5. Re1 a6 6. Bf1 Bg4 7. h3 Bxf3 8. Qxf3 Nf6 9. c3 e6 10. Qd1 Be7 11. d3 O-O 12. Nd2 d5 13. e5 Ne8 14. Nf3 b5 15. d4 cxd4 16. cxd4 Rc8 17. Bd3 Nb4 18. Bb1 Qc7 19. Re3 g6 20. Rc3 Nc6 21. Bh6 Ng7 22. Nh2 Qa7 23. Be3 f6 24. exf6 Bxf6 25. Ng4 Nf5 26. Bxf5 exf5 27. Nxf6+ Rxf6 28. Rac1 Qd7 29. Qc2 Kf7 30. Rc5 Re6 31. Qc3 Kg7 32. Bf4 h6 33. Qg3 Qe7 34. Be5+ Kf7 35. f4 Qd8 36. Qc3 Qd7 37. Qc2 Qd8 38. Kh2 h5 39. Qc3 Qb6 40. Qg3 Qd8 41. Qg5 Qxg5 42. fxg5 Ke8 43. Kg3 Kf7 44. Rxd5 Ne7 45. Rxc8 Nxd5 46. a3 Ne7 47. Rc7 Rc6 48. Rxc6 1/2-1/2

[Event "Slovakian-ch Youth 2022"]
[Site "Lubovna"]
[Date "2022.05.26"]
[Round "7.11"]
[White "Kudela, Oliver"]
[Black "Hasala, Richard"]
[Result "0-1"]
[WhiteElo "1344"]
[BlackElo "1318"]
[Annotator "NA RC COMBH"]
[PlyCount "54"]
[EventDate "2022.05.22"]
[EventCountry "SVK"]
[SourceTitle "playchess.com"]
[Source "ChessBase"]
[SourceQuality "1"]

1. e4 c5 2. Nf3 d6 3. d4 cxd4 4. Nxd4 Nf6 5. Nc3 g6 6. Be3 Bg7 7. Bc4 O-O 8. O-O Nc6 9. f3 Bd7 10. Nxc6 Bxc6 11. Qd2 a6 12. a3 Rc8 13. Ba2 Qc7 14. Bh6 Bxh6 15. Qxh6 Qb6+ 16. Kh1 Qxb2 17. Nd5 Bxd5 18. Bxd5 Nxd5 19. exd5 b5 20. Kg1 Qd4+ 21. Kh1 Qxd5 22. Rae1 Rxc2 23. Re4 Qd2 24. Qh3 Rc1 25. Kg1 Rfc8 26. Qg3 Rxf1+ 27. Kxf1 Rc1+ 0-1

[Event "Slovakian-ch Youth 2022"]
[Site "Lubovna"]
[Date "2022.05.26"]
[Round "7.12"]
[White "Gourlay, Martin B"]
[Black "Rybovic, Alex"]
[Result "1-0"]
[WhiteElo "1911"]
[BlackElo "1000"]
[Annotator "TA"]
[PlyCount "75"]
[EventDate "2022.05.22"]
[EventCountry "SVK"]
[SourceTitle "playchess.com"]
[Source "ChessBase"]
[SourceQuality "1"]

1. e4 e5 2. Nf3 Nc6 3. Nc3 Nf6 4. Bb5 d6 5. d3 h6 6. Be3 Bd7 7. d4 Ng4 8. d5 Nxe3 9. fxe3 Na5 10. a4 c6 11. Be2 b6 12. b4 Nb7 13. dxc6 Bxc6 14. b5 Bd7 15. Nd5 Be6 16. O-O Nc5 17. Nd2 Be7 18. Bf3 O-O 19. c4 Bg5 20. Qe2 a5 21. Rfb1 f6 22. Nb3 f5 23. Nxc5 dxc5 24. exf5 Bxf5 25. e4 Be6 26. Rd1 Bxd5 27. cxd5 Rc8 28. Qc4 Qe7 29. Bg4 Rcd8 30. d6+ Qf7 31. Be6 Be3+ 32. Kh1 Bd4 33. Bxf7+ Rxf7 34. Rf1 Rdf8 35. Rxf7 Rxf7 36. Rf1 Kh7 37. Qxf7 c4 38. d7 1-0

[Event "Slovakian-ch Youth 2022"]
[Site "Lubovna"]
[Date "2022.05.26"]
[Round "7.12"]
[White "Rybiansky, Jergus"]
[Black "Sokolovsky, Jakub"]
[Result "0-1"]
[WhiteElo "1379"]
[BlackElo "1613"]
[Annotator "NA RC COMBH"]
[PlyCount "56"]
[EventDate "2022.05.22"]
[EventCountry "SVK"]
[SourceTitle "playchess.com"]
[Source "ChessBase"]
[SourceQuality "1"]

1. d4 d5 2. Nf3 Nf6 3. Bf4 c5 4. e3 Nc6 5. c3 Qb6 6. Qb3 c4 7. Qxb6 axb6 8. Nbd2 Bf5 9. Nh4 Bd7 10. Be2 h6 11. Nhf3 b5 12. Ne5 e6 13. O-O b4 14. Nxd7 Kxd7 15. f3 Nh5 16. Bg3 Nxg3 17. hxg3 Bd6 18. f4 f5 19. g4 g6 20. Kf2 bxc3 21. bxc3 Ra3 22. Rfc1 Rha8 23. Rc2 b5 24. Nb1 R3a5 25. Rb2 b4 26. cxb4 Nxb4 27. Nc3 fxg4 28. Kf1 Ra3 0-1

[Event "Slovakian-ch Youth 2022"]
[Site "Lubovna"]
[Date "2022.05.26"]
[Round "7.13"]
[White "Kostura, Daniel"]
[Black "Svorad Tomas"]
[Result "1-0"]
[WhiteElo "1510"]
[BlackElo "1405"]
[Annotator "NA RC COMBH"]
[PlyCount "87"]
[EventDate "2022.05.22"]
[EventCountry "SVK"]
[SourceTitle "playchess.com"]
[Source "ChessBase"]
[SourceQuality "1"]

1. e4 c5 2. Nf3 Nc6 3. d4 cxd4 4. Nxd4 g6 5. Nc3 Bg7 6. Be3 Nf6 7. Bc4 Qa5 8. O-O O-O 9. Qd2 d6 10. h3 Qc7 11. Nd5 Nxd5 12. Bxd5 Nxd4 13. Bxd4 e6 14. Bxg7 Kxg7 15. Bb3 b6 16. Rad1 Bb7 17. Qxd6 Qxd6 18. Rxd6 Bxe4 19. Rd7 Bc6 20. Re7 Rfe8 21. Rxe8 Rxe8 22. Rd1 a5 23. Rd6 Rc8 24. Bc4 Bxg2 25. Bxe6 Rc6 26. Rd7 Rxe6 27. Kxg2 Kf8 28. Kf3 Ke8 29. Rd4 Ke7 30. a4 Rc6 31. c3 Rf6+ 32. Ke3 Rf5 33. Rh4 h5 34. b4 axb4 35. cxb4 Kf6 36. Rf4 Rxf4 37. Kxf4 g5+ 38. Ke4 Ke6 39. a5 bxa5 40. bxa5 Kd6 41. Kf5 g4 42. hxg4 h4 43. Kf4 f6 44. Kf3 1-0

[Event "Slovakian-ch Youth 2022"]
[Site "Lubovna"]
[Date "2022.05.26"]
[Round "7.13"]
[White "Krivosik, Matus"]
[Black "Kluska, Lukas"]
[Result "1-0"]
[WhiteElo "1224"]
[BlackElo "1215"]
[Annotator "NA RC COMBH"]
[PlyCount "51"]
[EventDate "2022.05.22"]
[EventCountry "SVK"]
[SourceTitle "playchess.com"]
[Source "ChessBase"]
[SourceQuality "1"]

1. e4 e5 2. Nf3 Nc6 3. Bb5 a6 4. Ba4 Nf6 5. d3 Be7 6. O-O O-O 7. c3 d5 8. Nbd2 Bg4 9. Re1 Qd6 10. h3 Bh5 11. Nf1 Rad8 12. Bg5 b5 13. Bc2 d4 14. Ng3 Bg6 15. Nh4 h6 16. Nhf5 Bxf5 17. Nxf5 Qd7 18. Bh4 Kh7 19. Qf3 a5 20. g4 g6 21. Nxe7 g5 22. Qxf6 Nxe7 23. Bg3 Rde8 24. Bxe5 Rg8 25. Qxf7+ Rg7 26. Qxg7# 1-0

[Event "Slovakian-ch Youth 2022"]
[Site "Lubovna"]
[Date "2022.05.26"]
[Round "7.14"]
[White "Carnecky, Viliam"]
[Black "Kurimsky, Kristian"]
[Result "1-0"]
[WhiteElo "1380"]
[BlackElo "1006"]
[Annotator "NA RC COMBH"]
[PlyCount "41"]
[EventDate "2022.05.22"]
[EventCountry "SVK"]
[SourceTitle "playchess.com"]
[Source "ChessBase"]
[SourceQuality "1"]

1. e4 e5 2. Nc3 Bc5 3. Bc4 Nf6 4. d3 h6 5. Nge2 d6 6. Na4 b6 7. Nxc5 bxc5 8. O-O c6 9. f4 Nbd7 10. Nc3 O-O 11. Qf3 Nb6 12. fxe5 dxe5 13. Bb3 Ng4 14. Bxf7+ Kh8 15. h3 Qd4+ 16. Kh1 Nf6 17. Be3 Qb4 18. Bb3 c4 19. dxc4 Nxc4 20. a3 Qb6 21. Bxb6 1-0

[Event "Slovakian-ch Youth 2022"]
[Site "Lubovna"]
[Date "2022.05.26"]
[Round "7.14"]
[White "Marcin, Richard"]
[Black "Chovanec, Adrian"]
[Result "1-0"]
[WhiteElo "1325"]
[BlackElo "1498"]
[Annotator "NA RC COMBH"]
[PlyCount "51"]
[EventDate "2022.05.22"]
[EventCountry "SVK"]
[SourceTitle "playchess.com"]
[Source "ChessBase"]
[SourceQuality "1"]

1. e4 e5 2. f4 exf4 3. Nf3 Bc5 4. d4 Bb6 5. Bxf4 h6 6. h4 Ne7 7. h5 O-O 8. Qd2 Kh7 9. e5 d6 10. Bd3+ Bf5 11. a4 dxe5 12. Bxe5 f6 13. a5 fxe5 14. axb6 e4 15. g4 exd3 16. gxf5 dxc2 17. Qxc2 Kh8 18. bxc7 Qd5 19. cxb8=Q Raxb8 20. Nbd2 Nxf5 21. Qc5 Rbe8+ 22. Kf2 Qxc5 23. dxc5 Nd4 24. Rhe1 Nxf3 25. Rxe8 Nxd2+ 26. Rxf8+ 1-0

[Event "Slovakian-ch Youth 2022"]
[Site "Lubovna"]
[Date "2022.05.26"]
[Round "7.15"]
[White "Skreko, Igor"]
[Black "Rak, Martin"]
[Result "1-0"]
[WhiteElo "2065"]
[BlackElo "1849"]
[Annotator "TA"]
[PlyCount "101"]
[EventDate "2022.05.22"]
[EventCountry "SVK"]
[SourceTitle "playchess.com"]
[Source "ChessBase"]
[SourceQuality "1"]

1. d4 Nf6 2. c4 c5 3. d5 b5 4. cxb5 g6 5. Nc3 Bg7 6. g3 a6 7. bxa6 O-O 8. Bg2 d6 9. Nf3 Nbd7 10. O-O Nb6 11. Rb1 Bxa6 12. b3 Ra7 13. Re1 Qa8 14. e4 Ne8 15. Qc2 Nc7 16. Bb2 Rb8 17. a4 Bc8 18. Nd2 Na6 19. Ba3 Bd7 20. Bf1 Rc8 21. Nb5 Rb7 22. Qd1 Nc7 23. Nxc7 Rbxc7 24. Bb2 Rb8 25. Bxg7 Kxg7 26. Nc4 Rcb7 27. Qc2 Nxc4 28. Bxc4 Qa5 29. Re3 Kg8 30. Rbe1 e5 31. dxe6 Bxe6 32. Rd1 Bxc4 33. Qxc4 Rb4 34. Qd5 Qb6 35. Rdd3 c4 36. a5 Qc5 37. bxc4 Rxc4 38. Ra3 Rd4 39. Qxc5 dxc5 40. e5 Rd7 41. e6 fxe6 42. Rxe6 Rc7 43. Rb6 Ra8 44. a6 Raa7 45. Kf1 Kf7 46. Ke2 Ke7 47. Kd3 Kd7 48. Kc4 Kc8 49. Rf3 Kd8 50. Rf8+ Ke7 51. Rh8 1-0

[Event "Slovakian-ch Youth 2022"]
[Site "Lubovna"]
[Date "2022.05.26"]
[Round "7.15"]
[White "Valchev, Martin V"]
[Black "Horvath, Simon"]
[Result "0-1"]
[WhiteElo "1193"]
[BlackElo "1343"]
[Annotator "NA RC COMBH"]
[PlyCount "38"]
[EventDate "2022.05.22"]
[EventCountry "SVK"]
[SourceTitle "playchess.com"]
[Source "ChessBase"]
[SourceQuality "1"]

1. e4 e5 2. Nc3 Nf6 3. Nf3 Nc6 4. Bb5 Bc5 5. Bxc6 dxc6 6. Nxe5 Qd4 7. Nd3 Nxe4 8. Qf3 Ng5 9. Qe3+ Qxe3+ 10. dxe3 Bd6 11. e4 Be7 12. Bxg5 Bxg5 13. f4 Be7 14. O-O-O O-O 15. g3 Bg4 16. Rd2 Rad8 17. Ne5 Rxd2 18. Kxd2 Rd8+ 19. Ke3 Bc5# 0-1

[Event "Slovakian-ch Youth 2022"]
[Site "Lubovna"]
[Date "2022.05.26"]
[Round "7.16"]
[White "Janik, Marek Tobias"]
[Black "Compel, Daniel"]
[Result "0-1"]
[WhiteElo "1840"]
[BlackElo "2106"]
[Annotator "TA"]
[PlyCount "118"]
[EventDate "2022.05.22"]
[EventCountry "SVK"]
[SourceTitle "playchess.com"]
[Source "ChessBase"]
[SourceQuality "1"]

1. c4 b6 2. Nc3 Bb7 3. e4 e6 4. g3 c5 5. Bg2 Nc6 6. Nge2 d6 7. d3 g6 8. Be3 Bg7 9. O-O Nge7 10. Qd2 O-O 11. f4 Nd4 12. g4 f5 13. h3 Qd7 14. Ng3 Rae8 15. Nce2 Nxe2+ 16. Qxe2 Nc6 17. Rae1 Nd4 18. Bxd4 Bxd4+ 19. Kh1 b5 20. b3 a5 21. Qc2 b4 22. Ne2 Bg7 23. Ng3 Bc6 24. gxf5 exf5 25. exf5 gxf5 26. Bxc6 Qxc6+ 27. Qg2 Qxg2+ 28. Kxg2 Ra8 29. Re6 Ra6 30. Kf3 Bd4 31. Ne2 Bf6 32. Ng3 Kf7 33. Rfe1 Bh4 34. Rh6 Bxg3 35. Kxg3 Kg7 36. Rhe6 Rf6 37. Re7+ Rf7 38. Rxf7+ Kxf7 39. a3 a4 40. bxa4 bxa3 41. Ra1 Rxa4 42. Ra2 Kf6 43. Kf3 Kg6 44. Kg3 Kh5 45. Kg2 Kh4 46. Kf3 Ra8 47. Kg2 Ra7 48. Kf3 Kh5 49. h4 Kg6 50. Rg2+ Kf6 51. Ra2 Ke6 52. Ke3 d5 53. Ke2 Ra4 54. cxd5+ Kxd5 55. Ke3 Ra7 56. Ke2 Kd4 57. Kd2 c4 58. dxc4 Kxc4 59. Kc2 Kd4 0-1

[Event "Slovakian-ch Youth 2022"]
[Site "Lubovna"]
[Date "2022.05.26"]
[Round "7.17"]
[White "Salgovic, Simon"]
[Black "Sandor, Samuel"]
[Result "0-1"]
[WhiteElo "2091"]
[BlackElo "2054"]
[Annotator "TA"]
[PlyCount "69"]
[EventDate "2022.05.22"]
[EventCountry "SVK"]
[SourceTitle "playchess.com"]
[Source "ChessBase"]
[SourceQuality "1"]

1. e4 c5 2. Nf3 d6 3. Bb5+ Nd7 4. Ba4 Ngf6 5. O-O a6 6. c4 g6 7. Nc3 Bg7 8. d3 O-O 9. h3 Rb8 10. a3 Ne8 11. Be3 Nc7 12. d4 b5 13. cxb5 axb5 14. Bc2 Bb7 15. Qd2 Ba8 16. Bh6 Re8 17. Bxg7 Kxg7 18. Rfd1 h6 19. dxc5 Nxc5 20. b4 Nd7 21. Bb3 Rf8 22. Qd4+ Kh7 23. Ne2 f5 24. exf5 Rxf5 25. Nh4 Rf6 26. Ng3 Qf8 27. Bc2 Ne6 28. Qe3 Ne5 29. Nh5 Rf7 30. Nxg6 Nxg6 31. Qxe6 Qg8 32. Rd4 Rc8 33. Bd3 Rff8 34. Qxe7+ Kh8 35. Rg4 0-1

[Event "Slovakian-ch Youth 2022"]
[Site "Lubovna"]
[Date "2022.05.26"]
[Round "7.18"]
[White "Paluska, Karol"]
[Black "Lovcican, Tomas"]
[Result "1/2-1/2"]
[WhiteElo "2006"]
[BlackElo "2024"]
[Annotator "TA"]
[PlyCount "25"]
[EventDate "2022.05.22"]
[EventCountry "SVK"]
[SourceTitle "playchess.com"]
[Source "ChessBase"]
[SourceQuality "1"]

1. d4 d5 2. c4 e6 3. Nc3 Nf6 4. Nf3 Nbd7 5. g3 Be7 6. Bg2 c6 7. O-O O-O 8. Nd2 dxc4 9. Nxc4 c5 10. e3 a6 11. a4 Nb6 12. Nxb6 Qxb6 13. a5 1/2-1/2

[Event "Slovakian-ch Youth 2022"]
[Site "Lubovna"]
[Date "2022.05.26"]
[Round "7.19"]
[White "Horvath, Marek"]
[Black "Rakovsky, Jakub"]
[Result "0-1"]
[WhiteElo "1801"]
[BlackElo "1888"]
[Annotator "NA RC COMBH"]
[PlyCount "84"]
[EventDate "2022.05.22"]
[EventCountry "SVK"]
[SourceTitle "playchess.com"]
[Source "ChessBase"]
[SourceQuality "1"]

1. d4 f5 2. Bg5 d6 3. e3 Nd7 4. Bd3 g6 5. Bxf5 Ngf6 6. Bd3 c5 7. c3 Rb8 8. h4 Bg7 9. h5 Nxh5 10. Rxh5 gxh5 11. Qxh5+ Kf8 12. Nh3 Nf6 13. Bxf6 Bxf6 14. Nf4 Qe8 15. Qh6+ Bg7 16. Ne6+ Bxe6 17. Qxe6 Qc8 18. Bc4 Qxe6 19. Bxe6 b5 20. a3 h5 21. Nd2 Rh6 22. d5 a5 23. Ne4 b4 24. axb4 axb4 25. Ke2 bxc3 26. bxc3 h4 27. Ra7 Rg6 28. Kf3 Be5 29. Bf5 Rg7 30. Be6 Rg6 31. Bf5 Rh6 32. Be6 c4 33. Rc7 Rxe6 34. dxe6 d5 35. Nc5 Bxc7 36. Nd7+ Kg7 37. Nxb8 Bxb8 38. Kg4 Be5 39. e4 Bxc3 40. exd5 Bb2 41. Kf3 c3 42. Ke2 c2 0-1

[Event "Slovakian-ch Youth 2022"]
[Site "Lubovna"]
[Date "2022.05.26"]
[Round "7.20"]
[White "Sevcik, Matej"]
[Black "Jurky, Marian"]
[Result "1/2-1/2"]
[WhiteElo "1820"]
[BlackElo "1689"]
[Annotator "NA RC COMBH"]
[PlyCount "45"]
[EventDate "2022.05.22"]
[EventCountry "SVK"]
[SourceTitle "playchess.com"]
[Source "ChessBase"]
[SourceQuality "1"]

1. d4 e6 2. c4 b6 3. Nc3 Bb7 4. e4 Bb4 5. f3 Ne7 6. Be3 O-O 7. Bd3 d5 8. cxd5 exd5 9. e5 c5 10. f4 Nbc6 11. Nf3 cxd4 12. Bxd4 Nxd4 13. Nxd4 Nc6 14. Nxc6 Bxc6 15. O-O Bc5+ 16. Kh1 Qd7 17. Qh5 g6 18. Qh6 Rfe8 19. Rae1 Bf8 20. Qg5 d4 21. Ne4 Bxe4 22. Bxe4 Rad8 23. Bd3 1/2-1/2

[Event "Slovakian-ch Youth 2022"]
[Site "Lubovna"]
[Date "2022.05.26"]
[Round "7.21"]
[White "Vojtas Marek"]
[Black "Koska, Jiri"]
[Result "0-1"]
[WhiteElo "1000"]
[BlackElo "1759"]
[Annotator "NA RC COMBH"]
[PlyCount "110"]
[EventDate "2022.05.22"]
[EventCountry "SVK"]
[SourceTitle "playchess.com"]
[Source "ChessBase"]
[SourceQuality "1"]

1. e4 c6 2. d4 g6 3. Nf3 Bg7 4. Bf4 d5 5. exd5 cxd5 6. Bd3 Bg4 7. c3 Nc6 8. h3 Bxf3 9. Qxf3 e6 10. O-O Nf6 11. Re1 O-O 12. Nd2 a6 13. a4 Na7 14. g4 b5 15. Nf1 Qb6 16. axb5 axb5 17. Ng3 Nd7 18. h4 h6 19. Kh2 Nc6 20. Rxa8 Rxa8 21. Rg1 e5 22. dxe5 Ndxe5 23. Bxe5 Nxe5 24. Qe2 Nxd3 25. Qxd3 Qxf2+ 26. Rg2 Qc5 27. Ne2 Be5+ 28. Kh3 Ra1 29. Ng3 Bxg3 30. Qxg3 Rh1+ 31. Rh2 Rxh2+ 32. Kxh2 Qc4 33. h5 Qe2+ 34. Kh3 g5 35. Qb8+ Kg7 36. Qb6 Qf1+ 37. Kg3 Qf4+ 38. Kh3 Qf3+ 39. Kh2 Qf4+ 40. Kh3 Qf1+ 41. Kg3 Qe1+ 42. Kf3 Qe4+ 43. Kg3 Qd3+ 44. Kg2 Qc4 45. Kg3 Qf4+ 46. Kh3 Qf3+ 47. Kh2 Qxg4 48. Qxb5 Qxh5+ 49. Kg2 Qg4+ 50. Kh2 Qf4+ 51. Kg2 Qe4+ 52. Kg3 h5 53. Qd7 h4+ 54. Kh3 Qe6+ 55. Qxe6 fxe6 0-1

[Event "Slovakian-ch Youth 2022"]
[Site "Lubovna"]
[Date "2022.05.26"]
[Round "7.22"]
[White "Orgon, Patrik"]
[Black "Sustek, Adam"]
[Result "1-0"]
[WhiteElo "1721"]
[BlackElo "1636"]
[Annotator "NA RC COMBH"]
[PlyCount "80"]
[EventDate "2022.05.22"]
[EventCountry "SVK"]
[SourceTitle "playchess.com"]
[Source "ChessBase"]
[SourceQuality "1"]

1. e4 e6 2. c4 b6 3. Nc3 Bb7 4. d3 c5 5. Nge2 Nf6 6. Bg5 Be7 7. Bxf6 Bxf6 8. g3 O-O 9. Bg2 Nc6 10. O-O Nd4 11. Rb1 Nxe2+ 12. Nxe2 Be7 13. f4 f5 14. Nc3 d6 15. Qc2 Bf6 16. a3 Bd4+ 17. Kh1 Bxc3 18. Qxc3 a5 19. Kg1 Qd7 20. Rf2 Rfe8 21. b4 axb4 22. axb4 Bc6 23. Rfb2 Ra7 24. bxc5 bxc5 25. Rb6 Rb7 26. e5 Bxg2 27. Kxg2 Rxb6 28. Rxb6 d5 29. Rd6 d4 30. Qb2 Qa7 31. Rb6 Kf8 32. Rb7 Qa5 33. Rb5 Qa7 34. Qd2 Ra8 35. Kh3 Qa3 36. Qg2 Ra7 37. Rb8+ Kf7 38. Qc6 Re7 39. Qc8 Kg6 40. Rb7 Rxb7 1-0

[Event "Slovakian-ch Youth 2022"]
[Site "Lubovna"]
[Date "2022.05.26"]
[Round "7.23"]
[White "Baron, Patrik"]
[Black "Havalda, Samuel"]
[Result "1-0"]
[WhiteElo "1740"]
[BlackElo "1465"]
[Annotator "NA RC COMBH"]
[PlyCount "61"]
[EventDate "2022.05.22"]
[EventCountry "SVK"]
[SourceTitle "playchess.com"]
[Source "ChessBase"]
[SourceQuality "1"]

1. e4 e5 2. Nf3 Nc6 3. d4 exd4 4. Nxd4 Bc5 5. Nb3 Bb6 6. Nc3 Nf6 7. Qe2 d6 8. Bg5 Be6 9. O-O-O h6 10. Bh4 g5 11. Bg3 Qe7 12. f3 O-O-O 13. Na4 Rhe8 14. Nxb6+ axb6 15. Qe3 Bd7 16. Qc3 Be6 17. Bb5 Bxb3 18. axb3 d5 19. Bxc6 bxc6 20. Qxc6 Kb8 21. Qxb6+ Kc8 22. Qa6+ Kd7 23. exd5 Qe3+ 24. Kb1 Ne4 25. fxe4 Ra8 26. Rhe1 Rxa6 27. Rxe3 Rea8 28. c4 Ra1+ 29. Kc2 Rxd1 30. Kxd1 Ra1+ 31. Kc2 1-0